000 01178nmm a2200277 a 4500
001 ocm000621664
003 TR-IsHL
005 20201028155342.0
008 110704s2009 tu tur
007 cr cn
020 _a9789759173999
035 _a621664
_b(N$T)
050 0 4 _aHE688.25
_b.M39 2009
090 0 4 _aHE688.25
_b.M39 2009
100 1 _aMazak, Mehmet
245 1 0 _aGündelik hayatından renklerle eski İstanbul
_h[electronic resource] /
_cMehmet Mazak
260 _aİstanbul :
_bKitabevi,
_c2009
300 _a174 p.
500 _aŞehirler de tıpkı insanlar gibi hayatın ve dünyanın ritmine uyarak değişim geçirmektedirler. Bilim ve tekniğin ilerlemesiyle birlikte 19. yüzyıldan sonra yaşanan değişim, öncesine oranla daha hızlı bir seyir takip etmiştir. Günümüzde ise "yeni" ile "eski"nin arasındaki zaman farkı gittikçe daralmaktadır.
_x
650 4 _aTarih
650 4 _aHistory
650 0 _aGündelik hayat
_xİstanbul
650 0 _aEveryday life
_x Istanbul
650 7 _aSOCIAL SCIENCE / Social Work
_2bisacsh
856 4 0 _uhttp://search.ebscohost.com/login.aspx?direct=true&scope=site&db=e011xww&AN=621664
999 _c13042
_d13042